书目信息 |
| 题名: |
装配式建筑可持续发展的理论与实践
|
|
| 作者: | 金占勇 著 | |
| 分册: | ||
| 出版信息: | 北京 中国建筑工业出版社 2021.08 |
|
| 页数: | 172页 | |
| 开本: | 26cm | |
| 丛书名: | ||
| 单 册: | ||
| 中图分类: | TU3 | |
| 科图分类: | ||
| 主题词: | 装配式构件--zhuang pei shi gou jian--建筑工程--可持续性发展--研究 | |
| 电子资源: | ||
| ISBN: | 978-7-112-26621-0 | |
| 000 | 01246nam0 2200253 450 | |
| 001 | 24821 | |
| 005 | 20220918105514.37 | |
| 010 | @a978-7-112-26621-0@dCNY48.00 | |
| 100 | @a20220217d2021 em y0chiy50 ea | |
| 101 | 0 | @achi |
| 102 | @aCN@b110000 | |
| 105 | @aa a 000yy | |
| 200 | 1 | @a装配式建筑可持续发展的理论与实践@Azhuang pei shi jian zhu ke chi xu fa zhan de li lun yu shi jian@f金占勇著 |
| 210 | @a北京@c中国建筑工业出版社@d2021.08 | |
| 215 | @a172页@c图@d26cm | |
| 300 | @a本书受北京未来城市设计高精尖创新中心局级项目“绿色效能视域下的地下空间与生态景观互动研究” 住房和城乡建设部科技计划项目“京津冀地区装配式建筑发展效率评价及推进策略研究”资助 | |
| 314 | @a金占勇, 山东省青州市人, 哈尔滨工业大学管理学博士。现为北京建筑大学城市经济与管理学院副教授、硕士生导师。 | |
| 320 | @a有书目 (第169-172页) | |
| 330 | @a本书主要内容包括: 建造方式变革与发展、装配式建筑可持续发展的理论探讨、装配式建筑的研究与发展现状、装配式建筑可持续发展评价、京津冀地区装配式建筑发展现状与评价、装配式建筑可持续发展存在的问题及对策建议。 | |
| 606 | 0 | @a装配式构件@Azhuang pei shi gou jian@x建筑工程@x可持续性发展@x研究 |
| 690 | @aTU3@v5 | |
| 701 | 0 | @a金占勇@Ajin zhan yong@4著 |
| 801 | 0 | @aCN@c20220910 |
| 905 | @a河南城建学院图书馆@dTU3@eJ830@f2 | |
| 装配式建筑可持续发展的理论与实践/金占勇著.-北京:中国建筑工业出版社,2021.08 |
| 172页:图;26cm |
| 本书受北京未来城市设计高精尖创新中心局级项目“绿色效能视域下的地下空间与生态景观互动研究” 住房和城乡建设部科技计划项目“京津冀地区装配式建筑发展效率评价及推进策略研究”资助 |
| ISBN 978-7-112-26621-0:CNY48.00 |
| 本书主要内容包括: 建造方式变革与发展、装配式建筑可持续发展的理论探讨、装配式建筑的研究与发展现状、装配式建筑可持续发展评价、京津冀地区装配式建筑发展现状与评价、装配式建筑可持续发展存在的问题及对策建议。 |
| ● |
| 相关链接 |
|
|
|
正题名:装配式建筑可持续发展的理论与实践
索取号:TU3/J830
 
预约/预借
| 序号 | 登录号 | 条形码 | 馆藏地/架位号 | 状态 | 备注 |
| 1 | 1575257 | 215752576 | 建筑库101/101建筑库 73排4列1层/ [索取号:TU3/J830] | 在馆 | |
| 2 | 1575258 | 215752585 | 建筑库101/101建筑库 73排4列1层/ [索取号:TU3/J830] | 在馆 |